000 01079nam a2200337 c 4500
999 _c13134
_d13134
003 BLK
005 20241026123947.0
008 180412b bul|||||r ||||||| ||bul||
010 _aKNG00014762000
020 _a9545280441
040 _aBLK
041 _aBUL
_cBUL
080 _aАмериканска литература (на САЩ)
_b821.111(73)
_x-311.6
_z821.111(73)-311.6
100 1 _aАйлс, Грег
_eпърви автор
_929791
139 _aАйлз, Грег
_bА 37
245 1 0 _aШпандау Феникс
_bРоман
_c Грег Айлз; Грег Айлс.
257 _aUSA
260 _bТруд
_c1996
_aСофия
300 _a335 с.
_c20 см
380 _aX
500 _aОриг. загл. Spandau Phoenix / Greg Iles. - 4 000 тир.
653 _aромани
700 1 _aАйлз, Грег
_929787
852 _aЦб 189862
_bЦб
856 4 _qpdf
_u
856 4 _qpdf
_u
942 _cKNG
_n0
_s1
_05
944 _aCR
_c15.01.2003
_lИваничка Йорданова
_k30553
944 _aED
_c15.01.2003
_lф /
999 _d13134